=LDR 00000nam 2200000 4500 =001 INLIS000000000044660 =005 20131008110415 =008 ***********************************Ind** =035 ##$$0010-101300000002582 =041 ##$$a Ind =082 ##$$a 808.51 =090 ##$$a 808.51 , Pid p =100 ##$$a Pirantini, Yuni =245 ##$$a Pidato-pidato terhebat , Yuni prihantini =850 ##$$a NBPNMAT